New public management a Slovensko podoby a aplikácia princípov
Na minha lista:
| Autor principal: | |
|---|---|
| Autor Corporativo: | |
| Outros Autores: | , , , , , , , , |
| Formato: | Livro |
| Idioma: | eslovaco |
| Publicado em: |
Bratislava
Vydavateľstvo Univerzity Komenského
2013
|
| Edição: | 1. vyd. |
| Assuntos: | |
| Tags: |
Sem tags, seja o primeiro a adicionar uma tag!
|
MARC
| LEADER | 00000nam a2200000 4500 | ||
|---|---|---|---|
| 001 | 0231078 | ||
| 005 | 20240502073802.3 | ||
| 020 | |a 978-80-223-3515-7 | ||
| 041 | 0 | |a slo | |
| 044 | |a SK | ||
| 245 | 1 | 0 | |a New public management a Slovensko |b podoby a aplikácia princípov |c Ľudmila Malíková, Tomáš Jacko a kolektív ; recenzenti: František Ochrana, Jiří Špalek |
| 250 | |a 1. vyd. | ||
| 264 | 1 | |a Bratislava |b Vydavateľstvo Univerzity Komenského |c 2013 | |
| 300 | |a 217 s. [10 AH] | ||
| 610 | 2 | 0 | |a manažment verejnej správy |
| 610 | 2 | 0 | |a správa verejná |
| 610 | 2 | 0 | |a manažment personálny |
| 610 | 2 | 0 | |a manažment strategický |
| 610 | 2 | 0 | |a zdravotníctvo verejné |
| 610 | 2 | 0 | |a obstarávanie verejné |
| 610 | 2 | 0 | |a obstarávanie elektronické |
| 610 | 2 | 0 | |a financovanie |
| 610 | 2 | 0 | |a samospráva |
| 610 | 2 | 0 | |a odmeňovanie |
| 610 | 2 | 0 | |a meranie výkonnosti |
| 610 | 2 | 0 | |a Slovensko |
| 100 | 1 | |a Malíková, Ľudmila | |
| 700 | 1 | |a Jacko, Tomáš, 1987- | |
| 700 | 1 | |a Bajusová, Dana | |
| 700 | 1 | |a Staroňová, Katarína | |
| 700 | 1 | |a Staňová, Ľudmila | |
| 700 | 1 | |a Mužik, Roman | |
| 700 | 1 | |a Mikušová Meričková, Beáta | |
| 700 | 1 | |a Bašteková, Andrea | |
| 700 | 1 | |a Ochrana, František | |
| 700 | 1 | |a Špalek, Jiří | |
| 710 | 2 | |a Univerzita Komenského v Bratislave. Fakulta sociálnych a ekonomických vied | |